Le Rap Français - Statistiques

Statistiques générales
  • Ce quiz a été pris 1 251 fois
  • Le résultat moyen est 10 sur 23
Statistiques - réponses
Hint Réponse % Correct
"Clap clap, c'est le bruit de mes boules contre tes fesses" Auteur.... Nekfeu
79%
"Sur du ____ fait des pompes des tractions" Gradur
73%
La marque de vetements de JuL D'or et de platine
61%
Prénom de Niska Stanislas
59%
Prénom de Koba la D du 7 Marcel Jr
58%
Numéro fétiche du SCH 19
56%
Seul memebre noir de 1995 Alpha Wann
55%
Le film de Kery James Banlieusard
54%
La premier rappeur égerie de la marque Lacoste Moha la Squale
51%
Mesure six saccoches Zola
51%
Le groupe avec lequel PLK à commencé Panama Bende
49%
Seul membre blanc de la Sexion d'assaut Maska
48%
Bep Bep Bep Bep Sadek
47%
Premier Album de Booba en solo Temps Mort
46%
Maïtre incontesté des Raps contendeurs Wojtek
44%
L'empereur Alkapote
40%
Caballero est belge et... Espagnol
38%
Le duo de Leto se nomme PSO Thug
37%
Lorenzo est natif de ... Rennes
35%
Le rappeur ultra parisien Jazzy bazz
20%
A travaillé avec Uber PNL
15%
Le grand amour de Guizmo Heineken
7%
Nom du premier album de Lompal, en duo Le singe fume sa cigarette
7%
Aucun quiz correspondant
Distribution des résultats
% des personnes avec chaque résultat
Percentile par nombre de réponses
Votre historique - résultats
Vous n’avez pas pris ce quiz